Apertura democrática /

Guardado en:
Autor Corporativo: UBA.
Formato: Deslizar
Series:Sociedad y Estado
Materias:
Etiquetas: Agregar Etiqueta
Sin Etiquetas, Sea el primero en etiquetar este registro!
LEADER 01084ngm a22002895g 4500
001 CEM.cems022544
008 130507b2001##################0###0#####d
005 20241106160749.0
245 1 0 |a Apertura democrática /  |c UBA. 
300 |a 25'. 
490 0 |a Sociedad y Estado 
500 |a En soporte VHS, consultar en ventanilla. 
505 0 |a Elecciones del 30 de Octubre del 83'.Gobierno de Alfonsín. CONADEP. Juicio a las Juntas. Política económica. P.A.N. Oposición sindical. Consulta por el Beagle. Semana Santa. Leyes de obediencia debida y punto final. Inflación. 
538 |a Soporte: VHS - Norma: Pal N - Color: Si - Grabación DRD 2001 - Hitachi=4155. 
110 2 |a UBA. 
082 9 8 |/ UBA-3 
653 |a HISTORIA ARGENTINA 
653 |a ALFONSIN, RICARDO 
653 |a JUICIO A LAS JUNTAS 
653 |a PLAN ALIMENTARIO NACIONAL 
653 |a PLAN AUSTRAL 
653 |a CONADEP 
653 |a PUNTO FINAL 
653 |a INFLACION 
653 |a DICTADURA 
653 |a NIVEL SECUNDARIO 
859 |a CEMS  |b BIB. CEMS - Depto. Recursos Didacticos  |h 982  |i UBA-3  |k DRD  |p 1187.12  |t Ej.1